000 00751nam a22002297a 4500
005 20180222114341.0
010 _aB-689601
020 _a9789350357521
_c1495.00
035 _aB-689601
037 _bBSB
_adpl
082 _a347.54
100 _aJain, M.P.
245 _aThe code of civil procedure /
_cby M.P.Jain
250 _a4th ed
260 _aGurgaon
_bLexisNexis
_c2016
270 _a14th Floor, Building No.10, Tower-B, DLF Cyber City, Phase-II
_bGurgaon
_e122002
300 _acxlviii,1937p.
_c25cm(Hb)
500 _aIncludes index
505 _a(Rashtrapati Bhavan)
942 _2ddc
_cEN
_mJAI
_h347.54
999 _c150089
_d150089